LEADER 02129nam0 22005053i 450 001 VAN00284028 005 20250303070847.878 017 70$2N$a9789811916410 100 $a20241213d2022 |0itac50 ba 101 $aeng 102 $aSG 105 $a|||| ||||| 181 $ai$b e 182 $ab 200 1 $aComputational Optical Phase Imaging$fCheng Liu, Shouyu Wang, Suhas P. Veetil 210 $aSingapore$cSpringer$d2022 215 $ax, 301 p.$cill.$d24 cm 410 1$1001VAN00108129$12001 $aProgress in Optical Science and Photonics$1210 $aCham [etc.]$cSpringer$d2013-$v21 606 $a00A79 (77-XX)$xPhysics [MSC 2020]$3VANC023182$2MF 606 $a78-XX$xOptics, electromagnetic theory [MSC 2020]$3VANC022356$2MF 606 $a92C55$xBiomedical imaging and signal processing [MSC 2020]$3VANC022145$2MF 606 $a94-XX$xInformation and communication theory, circuits [MSC 2020]$3VANC019701$2MF 610 $aCoherent Diffraction Imaging$9KW:K 610 $aFluorescence imaging$9KW:K 610 $aHolography$9KW:K 610 $aImage reconstruction$9KW:K 610 $aImaging resolution$9KW:K 610 $aInterferometry$9KW:K 610 $aOptical Imaging$9KW:K 610 $aPhase information$9KW:K 610 $aPtychography$9KW:K 610 $aScattered light$9KW:K 620 $aSG$dSingapore$3VANL000061 700 1$aLiu$bCheng$3VANV237777$0517154 701 1$aVeetil$bSuhas P.$3VANV237779$01778018 701 1$aWang$bShouyu$3VANV237778$01778019 712 $aSpringer $3VANV108073$4650 801 $aIT$bSOL$c20250307$gRICA 856 4 $uhttps://doi.org/10.1007/978-981-19-1641-0$zE-book ? Accesso al full-text attraverso riconoscimento IP di Ateneo, proxy e/o Shibboleth 899 $aBIBLIOTECA DEL DIPARTIMENTO DI MATEMATICA E FISICA$1IT-CE0120$2VAN08 912 $fN 912 $aVAN00284028 950 $aBIBLIOTECA DEL DIPARTIMENTO DI MATEMATICA E FISICA$d08DLOAD e-Book 10138 $e08eMF10138 20241220 996 $aComputational Optical Phase Imaging$94300538 997 $aUNICAMPANIA LEADER 01859nam0 22004093i 450 001 VAN00271963 005 20251121022326.258 017 70$2N$a9789819947843 100 $a20240215d2023 |0itac50 ba 101 $aeng 102 $aSG 105 $a|||| ||||| 181 $ai$b e 182 $ab 183 $acr 200 1 $aFood Microbial Sustainability$eIntegration of Food Production and Food Safety$fArun Karnwal, Abdel Rahman Mohammad Said Al-Tawaha editors 210 $aSingapore$cSpringer$d2023 215 $aVIII, 333 p.$cill.$d24 cm 620 $aSG$dSingapore$3VANL000061 676 $a570$cBiologia - Scienze della vita$v22 676 $a579$cMicrobiologia$v22 676 $a641$cScienze degli alimenti$v22 702 1$aAl-Tawaha$bAbdel R. M. S.$3VANV223763 702 1$aKarnwal$bArun$3VANV223761 712 $aSpringer $3VANV108073$4650 790 1$aAl-Tawaha, Abdel Rahman M. S.$zAl-Tawaha, Abdel R. M. S.$3VANV223769 790 1$aAl-Tawaha, Abdel Rahman Mohammad Said$zAl-Tawaha, Abdel R. M. S.$3VANV223764 790 1$aAl-Tawaha, A. R. M. S.$zAl-Tawaha, Abdel R. M. S.$3VANV223765 790 1$aAl-Tawaha, A.R.M.S.$zAl-Tawaha, Abdel R. M. S.$3VANV223766 801 $aIT$bSOL$c20251128$gRICA 856 4 $uhttps://link.springer.com/book/10.1007/978-981-99-4784-3$zE-book - Accesso al full-text attraverso riconoscimento IP di Ateneo, proxy e/o Shibboleth 899 $aBIBLIOTECA DEL DIPARTIMENTO DI SCIENZE E TECNOLOGIE AMBIENTALI BIOLOGICHE E FARMACEUTICHE$1IT-CE0101$2VAN17 912 $fN 912 $aVAN00271963 950 $aBIBLIOTECA DEL DIPARTIMENTO DI SCIENZE E TECNOLOGIE AMBIENTALI BIOLOGICHE E FARMACEUTICHE$d17CONS e-book 2309 $e17BIB2309/533 533 20240215 996 $aFood Microbial Sustainability$93569945 997 $aUNICAMPANIA